| 000 | 00571nam a22001937a 4500 | ||
|---|---|---|---|
| 005 | 20170907103009.0 | ||
| 010 | _aENG-120319 | ||
| 020 |
_a9788192844046 _c395.00 |
||
| 035 | _aEN-103851 | ||
| 037 | _bDBAD/PUB | ||
| 082 | _a883.092 | ||
| 100 | _aGanjewar,D.N. | ||
| 245 |
_aThe fiction of chinua achebe / _cby D.N.Ganjewar |
||
| 260 |
_aKanpur _bShubhi Publication _c2016 |
||
| 270 |
_aA-677,Awas vikas Hanspuram _bKanpur _e208021 |
||
| 300 |
_a112p _c22cm.(Hb) |
||
| 500 | _aIncludes bibliographical references | ||
| 942 |
_2ddc _cEN _h883.092 _mGAN |
||
| 999 |
_c144046 _d144046 |
||